| 000 | 00819nam a2200229 a 4500 | ||
|---|---|---|---|
| 003 | 0 | ||
| 005 | 20250301085457.0 | ||
| 008 | 100902s19uu xx 00 eng d | ||
| 050 |
_aPGS SB 112.C64 _b.An635 2010 |
||
| 100 | _aAntonio, Sean Marco S. | ||
| 245 |
_aThe effect of coffee on the growth of tomato plant / _cSean Marco S. Antonio. |
||
| 260 |
_aLas PiƱas City, Philippines : _bSouthville International School and Colleges, _c2010. |
||
| 300 |
_a20 pages : _billustrations ; _c28 cm. |
||
| 504 | _aIncludes bibliographical references. | ||
| 650 |
_aCoffee _vEffect on plants. |
||
| 650 |
_aTomatoes _vGrowth. |
||
| 650 | _aPlant growth regulators. | ||
| 650 |
_aFertilizers _vOrganic. |
||
| 650 | _aSoil amendments. | ||
| 650 |
_aCommercial fertilizers _vEffect on plant growth. |
||
| 942 |
_2lcc _cPASS |
||
| 999 |
_c98331 _d98331 |
||